000 00627nam a2200265Ia 4500
005 20250425161930.0
008 250425s9999 xx 000 0 und d
020 _a8483222000
041 _aspa
043 _asp
082 _a657
100 _aCOLUMBUS, UNESCO
245 0 _aPLAN GENERAL DE CONTABILIDAD
250 _aS.E.
260 _aEspaƱa
_bPEARSON EDUCACION, S.A.
_c2000
260 _aMADRID
300 _a198
650 _aCONTABILIDAD
650 _aCUENTAS POR COBRAR
650 _aCUENTAS POR PAGAR
650 _aVALORACION
710 _aPEARSON EDUCACION S.A.
942 _c01
010 _a35319
999 _c219091
_d219091